Finančná pozícia nefinančných podnikov

Zhodnotenie finančnej pozície a finančnej štruktúry slovenských podnikov so zamerianím na likviditu, ktorá sa viaže na schopnosť podnikov plniť svoje záväzky, ako aj na zadlženosť a finančnú páku, keďže nadmerný rast akumulovaného dlhu môže signalizovať veriteľom zvyšovanie rizika nesplácania. Vývo...

Descrizione completa

Salvato in:
Dettagli Bibliografici
Autore principale: Strachotová, Anna
Natura: Capitolo di libro
Lingua:slovacco
Soggetti:
Tags: Aggiungi Tag
Nessun Tag, puoi essere il primo ad aggiungerne!!

MARC

LEADER 00000naa a2200000 4500
001 0147366
005 20231116091518.9
041 0 |a slo 
044 |a SK 
245 1 0 |a Finančná pozícia nefinančných podnikov  |c Anna Strachotová 
520 |a Zhodnotenie finančnej pozície a finančnej štruktúry slovenských podnikov so zamerianím na likviditu, ktorá sa viaže na schopnosť podnikov plniť svoje záväzky, ako aj na zadlženosť a finančnú páku, keďže nadmerný rast akumulovaného dlhu môže signalizovať veriteľom zvyšovanie rizika nesplácania. Vývoj od roku 2005 a zmeny, ktoré nastali v pozícii podnikov v súvislosti s recesiou. 
610 2 0 |a štruktúra podniku finančná 
610 2 0 |a recesia 
610 2 0 |a likvidita podniku 
610 2 0 |a dlhy 
610 2 0 |a riziko finančné 
100 1 |a Strachotová, Anna